Vật lí đại cương : Các nguyên lý và ứng dụng
Nội dung tập hai gồm: Điện, từ, dao động và sóng
Shranjeno v:
| Glavni avtor: | |
|---|---|
| Format: | Knjiga |
| Jezik: | Undetermined |
| Izdano: |
Hà Nội
Giáo Dục
2006
|
| Teme: | |
| Oznake: |
Označite
Brez oznak, prvi označite!
|
| Thư viện lưu trữ: | Trung tâm Học liệu Trường Đại học Cần Thơ |
|---|
| LEADER | 00768nam a2200229Ia 4500 | ||
|---|---|---|---|
| 001 | CTU_106699 | ||
| 008 | 210402s9999 xx 000 0 und d | ||
| 020 | |c 115700 | ||
| 082 | |a 537 | ||
| 082 | |b H462/T2 | ||
| 100 | |a Trần, Ngọc Hợi | ||
| 245 | 0 | |a Vật lí đại cương : | |
| 245 | 0 | |b Các nguyên lý và ứng dụng | |
| 245 | 0 | |c Trần Ngọc Hợi (chủ biên), Phạm Văn Thiều | |
| 260 | |a Hà Nội | ||
| 260 | |b Giáo Dục | ||
| 260 | |c 2006 | ||
| 520 | |a Nội dung tập hai gồm: Điện, từ, dao động và sóng | ||
| 650 | |a Physics | ||
| 650 | |x Electriccity and electronics | ||
| 904 | |i Tuyến, Q. Hiếu (sửa) | ||
| 980 | |a Trung tâm Học liệu Trường Đại học Cần Thơ | ||